Statistics for Sports Illustrated football top 10 QBs

Click here to take the quiz!

General Stats

  • This quiz has been taken 47 times
  • The average score is 9 of 15

Answer Stats

PositionNumberAnswer% Correct
QB1Tom Brady
100%
QB2Joe Montana
86%
QB7Dan Marino
84%
QB3Peyton Manning
84%
QB12Drew Brees
81%
QB6John Elway
81%
QB8Brett Favre
74%
QB13Steve Young
72%
QB4Johnny Unitas
65%
QB11Roger Staubach
47%
QB10Bart Starr
44%
QB9Sammy Baugh
40%
QB5Otto Graham
28%
QB15Norm Van Brocklin
21%
QB14Sid Luckman
16%

Score Distribution

Percentile by Number Answered

Percent of People with Each Score

Your Score History

You have not taken this quiz